<?xml version="1.0" encoding="UTF-8"?><?xml-stylesheet type="text/xsl" href="static/style.xsl"?><OAI-PMH xmlns="http://www.openarchives.org/OAI/2.0/" xmlns:xsi="http://www.w3.org/2001/XMLSchema-instance" xsi:schemaLocation="http://www.openarchives.org/OAI/2.0/ http://www.openarchives.org/OAI/2.0/OAI-PMH.xsd"><responseDate>2026-06-30T01:24:54Z</responseDate><request verb="GetRecord" identifier="oai:docta.ucm.es:20.500.14352/100753" metadataPrefix="marc">https://docta.ucm.es/rest/oai/request</request><GetRecord><record><header><identifier>oai:docta.ucm.es:20.500.14352/100753</identifier><datestamp>2025-09-04T14:11:16Z</datestamp><setSpec>com_20.500.14352_14</setSpec><setSpec>col_20.500.14352_19</setSpec></header><metadata><record xmlns="http://www.loc.gov/MARC21/slim" xmlns:dcterms="http://purl.org/dc/terms/" xmlns:xsi="http://www.w3.org/2001/XMLSchema-instance" xmlns:doc="http://www.lyncode.com/xoai" xsi:schemaLocation="http://www.loc.gov/MARC21/slim http://www.loc.gov/standards/marcxml/schema/MARC21slim.xsd">
   <leader>00925njm 22002777a 4500</leader>
   <datafield ind2=" " ind1=" " tag="042">
      <subfield code="a">dc</subfield>
   </datafield>
   <datafield ind2=" " ind1=" " tag="720">
      <subfield code="a">Bethencourt Llobet, Francisco Javier</subfield>
      <subfield code="e">author</subfield>
   </datafield>
   <datafield ind2=" " ind1=" " tag="260">
      <subfield code="c">2017</subfield>
   </datafield>
   <datafield ind2=" " ind1=" " tag="520">
      <subfield code="a">El álbum que presento reflexiona sobre la visión etnocéntrica que tenemos del mundo. Al realizar trabajo de campo en distintos contextos culturales y estudiar la música como cultura se evidencia la perspectiva del investigador. Por ello, mi doble posicionamiento como músico y (etno)musicólogo es esencial para entender este disco, así como las músicas y músicos (cubanos, flamencos, jazzeros, rockeros, hip hop...) que han aportado su experiencia a la asignatura de Músicas del Mundo que imparto en la Universidad Complutense de Madrid. Este disco lo he querido grabar con ellos. Conceptos, viajes y vivencias se entremezclan en este álbum que espero les encante.</subfield>
   </datafield>
   <datafield ind1="8" ind2=" " tag="024">
      <subfield code="a">https://hdl.handle.net/20.500.14352/100753</subfield>
   </datafield>
   <datafield ind1="8" ind2=" " tag="024">
      <subfield code="a">https://open.spotify.com/intl-es/album/6bFQ8sN095b8SJkVpfNLxj?si=j5JHdxE0ReWFClzUGVQozg</subfield>
   </datafield>
   <datafield ind1="8" ind2=" " tag="024">
      <subfield code="a">https://www.academia.edu/42329698/MUNDOS_DOSSIER_2018</subfield>
   </datafield>
   <datafield ind1="8" ind2=" " tag="024">
      <subfield code="a">http://www.undiscoaldia.com/paco-bethencourt-friends-mundos-2018/</subfield>
   </datafield>
   <datafield ind1="8" ind2=" " tag="024">
      <subfield code="a">https://sineris.es/el-mundo-de-la-mano-de-paco-bethencourt-friends-en-un-escenario-madrileno.html</subfield>
   </datafield>
   <datafield ind1="8" ind2=" " tag="024">
      <subfield code="a">https://auditorioalfredokraus.es/evento/paco-bethencourt-friends/1076</subfield>
   </datafield>
   <datafield ind2="0" ind1="0" tag="245">
      <subfield code="a">Mundos</subfield>
   </datafield>
</record></metadata></record></GetRecord></OAI-PMH>